LEADER 01578nam a2200313 i 4500 001 000000034206 003 CaOOAMICUS 005 20211001105106.0 008 150831s1988 be u000 u lat u 013 $a361 020 $a2-503-03672-4 040 $aSeMil$bita 100 0 $aSedulius : Scotus,$d.$0(OLS)http://semarc/name/448 245 10$aSedulii Scotti Collectaneum miscellaneum /$cedidit Dean Simpson. 264 1$aTurnhout :$bBrepols,$c1988. 300 $aXXXIX, 409 p. ;$c26 cm. 490 1 $aCorpus Christianorum. Continuatio Mediaevalis ;$v67 546 $aTesto in latino, introduzione in francese 700 1 $aSimpson, Dean.$0(OLS)http://semarc/name/15648 785 00$aSedulius : Scotus $tSedulii Scotti Collectaneum miscellaneum.$dTurnhout : Brepols, 1990.$kCorpus Christianorum. Continuatio Mediaevalis$z2-503-90672-9$w()36106 785 00$aSedulius : Scotus $tSedulii Scotti Collectaneum miscellaneum.$dTurnhout : Brepols, 2020.$kCorpus Christianorum. Continuatio Mediaevalis$z978-2-503-58651-9$w()347994 830 0$aCorpus Christianorum. Continuatio Mediaevalis ;$v67.$0(OLS)http://semarc/title/35 850 $aSeMil 852 $aSeMil$W1$xVenegono$y1$mSL2.F CC.CM 67$j261315$B361$CSeMilBibl$Z2$F361 $8I 961 $aSottoscrizione: Brepols 996 $6020$a2-503-03672-4$9(OLS)http://semarc/number/1869 996 $6245$aSedulii Scotti Collectaneum miscellaneum$9(OLS)http://semarc/title/46156 996 $6264$aTurnhout :$bBrepols$9(OLS)http://semarc/publisher/29626 LEADER 01209nam a2200277 i 4500 001 000000047711 003 CaOOAMICUS 005 20120403000000.0 008 120403s1979 xx u000 u spa u 013 $a18881 020 $a84-7009-066-6 040 $aSeMil$bita 100 1 $aFernández, Aurelio,$c.$0(OLS)http://semarc/name/23572 245 13$aLa Escatologia en el siglo 2. /$cAurelio Fernández. 260 $aBurgos :$bAldecoa,$c1979. 300 $a484 p. ;$c26 cm. 490 0 $aPublicaciones de la Facultad de teología del Norte de España ;$v42 500 $aContiene : Bibliografia general. 650 4$aEscatologia - Studi.$0(OLS)http://semarc/subject/5572 650 4$aPatristica - Sec. 2.$0(OLS)http://semarc/subject/10044 830 0$aPublicaciones de la Facultad de teología del Norte de España ;$v42.$0(OLS)http://semarc/title/9444 850 $aSeMil 852 $aSeMil$W1$xVenegono$y1$m2C V 160$j13866$B13866$CSeMilBibl$Z2$F13866 $81 996 $6020$a84-7009-066-6$9(OLS)http://semarc/number/20490 996 $6245$aLa Escatologia en el siglo 2.$9(OLS)http://semarc/title/71986 996 $6260$aBurgos :$bAldecoa$9(OLS)http://semarc/publisher/29672 LEADER 01024nam a2200241 i 4500 001 000000209982 003 CaOOAMICUS 005 20200407171143.0 008 120109s1902 it u000 u ita u 013 $a188774 040 $aSeMil$bita 100 1 $aBillot, Louis,$c.$0(OLS)http://semarc/name/11658 245 10$aDe Deo Uno et Trino :$bcommentarius in primam partem S. Thomae /$cauctore Ludovico Billot. 250 $aEditio quarta, aucta et emendata. 260 $aRomae :$bTypographia Polyglotta,$c1902. 300 $a636 p. ;$c22 cm. 650 4$aTrinità - Concezione [di] Tommaso : d'Aquino.$0(OLS)http://semarc/subject/6965 850 $aSeMil 852 $aSeMil$W1$xVenegono$y1$m2B III 464$j160433$B160433$CSeMilBibl$Z2$F171984 $81 961 $aOmaggio: Altro 996 $6245$aDe Deo Uno et Trino :$bcommentarius in primam partem S. Thomae$9(OLS)http://semarc/title/288649 996 $6260$aRomae :$bTypographia Polyglotta$9(OLS)http://semarc/publisher/29872